Claves para la semántica
Uloženo v:
| Hlavní autor: | |
|---|---|
| Médium: | Kniha |
| Jazyk: | španělština |
| Vydáno: |
Barcelona
Anagrama
1974
|
| Edice: | Colección Argumentos. Ensayos y Ciencias Humanas
|
| Témata: | |
| Tagy: |
Přidat tag
Žádné tagy, Buďte první, kdo vytvoří štítek k tomuto záznamu!
|
MARC
| LEADER | 00000nam a2200000 a 4500 | ||
|---|---|---|---|
| 001 | UCJ9876 | ||
| 003 | CL-VaPUC | ||
| 008 | 070413e19740000SP |||||||||||||||||spa|d | ||
| 020 | |a 8433900277 | ||
| 082 | 0 | 4 | |a 401.43 |b MOU |2 21 |
| 100 | |a Mounin, Georges |e autor |9 322268 | ||
| 245 | 1 | 0 | |a Claves para la semántica |
| 300 | |a 233 p | ||
| 942 | |c BK | ||
| 945 | |d 20070413 00:00:00 |a jtorresc | ||
| 260 | |a Barcelona |b Anagrama |c 1974 | ||
| 500 | |a Donación del Dr. Luis Gómez Macker | ||
| 650 | 0 | |a Lingüística |9 265068 | |
| 650 | 0 | |a Semántica |9 265318 | |
| 583 | |a last modification |c 20070413 00:00:00 |k Rodrigo Vera | ||
| 490 | 0 | |a Colección Argumentos. Ensayos y Ciencias Humanas | |
| 999 | |c 325219 |d 325217 | ||
| 952 | |0 0 |1 0 |4 0 |6 401_430000000000000_MOU_1974 |7 0 |8 A |9 405853 |a FDOPOS |b FDOPOS |d 2019-11-22 |i 4272072 |o 401.43 MOU 1974 |p 4272072 |r 2025-01-22 |w 2019-11-22 |y BK |k MLA | ||